LIBRARY & INFORMATION CENTRE, KCAET, TAVANUR

ONLINE PUBLIC ACCESS CATALOGUE (OPAC)

Landslide ecology / (Record no. 14002)

MARC details
000 -LEADER
fixed length control field 01544cam a22002058i 4500
020 ## - INTERNATIONAL STANDARD BOOK NUMBER
ISBN 9780521190527
082 00 - DEWEY DECIMAL CLASSIFICATION NUMBER
Classification number 577.58
Item number WAL/LA
100 1# - MAIN ENTRY--AUTHOR NAME
Personal name Walker, Lawrence R.
245 10 - TITLE STATEMENT
Title Landslide ecology /
300 ## - PHYSICAL DESCRIPTION
Number of Pages pages cm.
490 0# - SERIES STATEMENT
Series statement Ecology, biodiversity, and conservation
520 ## - SUMMARY, ETC.
Summary, etc "Despite their often dangerous and unpredictable nature, landslides provide fascinating templates for studying how soil organisms, plants, and animals respond to such destruction. The emerging field of landslide ecology helps us to understand these responses, aiding slope stabilization and restoration and contributing to progress made in geological approaches to landslide prediction and mitigation. Summarizing the growing body of literature on the ecological consequences of landslides, this book provides a framework for the promotion of ecological tools in predicting, stabilizing, and restoring biodiversity to landslide scars at both local and landscape scales. It explores nutrient cycling; soil development; and how soil organisms disperse, colonize, and interact in what is often an inhospitable environment. Recognizing the role that these processes play in providing solutions to the problem of unstable slopes, the authors present ecological approaches as useful, economical, and resilient supplements to landslide management"--
650 #0 - SUBJECT ADDED ENTRY--TOPICAL TERM
Topical Term Landslides.
650 #0 - SUBJECT ADDED ENTRY--TOPICAL TERM
Topical Term Geomorphology.
650 #0 - SUBJECT ADDED ENTRY--TOPICAL TERM
Topical Term Revegetation.
650 #0 - SUBJECT ADDED ENTRY--TOPICAL TERM
Topical Term Colonization (Ecology)
650 #7 - SUBJECT ADDED ENTRY--TOPICAL TERM
Topical Term NATURE / Ecology.
700 1# - ADDED ENTRY--PERSONAL NAME
Personal name Shiels, Aaron B.
942 ## - ADDED ENTRY ELEMENTS (KOHA)
Koha item type Reference
Holdings
Withdrawn status Lost status Damaged status Collection code Home library Current library Shelving location Date acquired Source of acquisition Full call number Accession Number Koha item type
      Reference KAUAET KAUAET Reference 30/03/2013 A & A , Tvpm 577.58 WAL/LA 23827 Reference
free website counter